[Event "31st Klatovy C 2025"]
[Site "Klatovy CZE"]
[Date "2025.07.06"]
[Round "9.6"]
[White "Zednik, Zdenek"]
[Black "Cakl, Zdenek"]
[Result "1/2-1/2"]
[WhiteElo "1877"]
[BlackElo "2155"]
[PlyCount "62"]
[EventDate "2025.06.28"]
[EventType "swiss"]
[EventRounds "9"]
[EventCountry "CZE"]

1. c4 {[%emt 0:00:05]} e6 {[%emt 0:00:09]} 2. Nc3 {[%emt 0:00:18]} Nf6 {[%emt 0:02:01]} 3. d4 {[%emt 0:00:20]} Bb4 {[%emt 0:00:12]} 4. e3 {[%emt 0:00:23]} c5 {[%emt 0:01:14]} 5. Nge2 {[%emt 0:00:26]} cxd4 {[%emt 0:05:08]} 6. exd4 {[%emt 0:00:08]} d5 {[%emt 0:01:38]} 7. a3 {[%emt 0:00:14]} Be7 {[%emt 0:02:40]} 8. cxd5 {[%emt 0:07:24]} exd5 {[%emt 0:08:47]} 9. Ng3 {[%emt 0:02:41]} O-O {[%emt 0:02:30]} 10. Be2 {[%emt 0:00:24]} Nc6 {[%emt 0:05:09]} 11. O-O {[%emt 0:01:58]} a6 {[%emt 0:17:39]} 12. Bf3 {[%emt 0:03:33]} b5 {[%emt 0:04:28]} 13. Nge2 {[%emt 0:04:58]} b4 {[%emt 0:05:52]} 14. Na4 {[%emt 0:05:03]} Na5 {[%emt 0:08:28]} 15. Nc5 {[%emt 0:11:23]} bxa3 {[%emt 0:03:07]} 16. bxa3 {[%emt 0:00:37]} Qc7 {[%emt 0:06:18]} 17. Bg5 {[%emt 0:04:56]} Be6 {[%emt 0:11:15]} 18. Nf4 {[%emt 0:01:25]} Bxc5 {[%emt 0:07:03]} 19. Rc1 {[%emt 0:11:18]} Nb7 {[%emt 0:07:29]} 20. dxc5 {[%emt 0:04:40]} Qe5 {[%emt 0:06:51]} 21. Bxf6 {[%emt 0:06:41]} Qxf4 {[%emt 0:01:02]} 22. Bd4 {[%emt 0:00:26]} Rac8 {[%emt 0:01:53]} 23. Qd3 {[%emt 0:06:41]} Rc6 {[%emt 0:04:20]} 24. Rc3 {[%emt 0:07:21]} Rfc8 {[%emt 0:01:33]} 25. Rfc1 {[%emt 0:00:56]} Na5 {[%emt 0:03:59]} 26. Qe3 {[%emt 0:06:57]} Qf5 {[%emt 0:03:36]} 27. Qe5 {[%emt 0:09:41]} Qxe5 {[%emt 0:00:16]} 28. Bxe5 {[%emt 0:00:08]} Nc4 {[%emt 0:00:27]} 29. Rxc4 {[%emt 0:01:44]} dxc4 {[%emt 0:00:05]} 30. Bxc6 {[%emt 0:00:18]} Rxc6 {[%emt 0:00:02]} 31. Bd6 {[%emt 0:00:54]} g6 1/2-1/2

[Event "31st Klatovy C 2025"]
[Site "Klatovy CZE"]
[Date "2025.07.06"]
[Round "9.7"]
[White "Fiser, Jiri 1942"]
[Black "Ondrejat, Miroslav"]
[Result "1/2-1/2"]
[WhiteElo "1821"]
[BlackElo "2012"]
[PlyCount "85"]
[EventDate "2025.06.28"]
[EventType "swiss"]
[EventRounds "9"]
[EventCountry "CZE"]

1. e4 {[%emt 0:00:03]} c5 {[%emt 0:00:07]} 2. Nf3 d6 {[%emt 0:00:14]} 3. d4 {[%emt 0:00:01]} cxd4 {[%emt 0:00:07]} 4. Nxd4 Nf6 {[%emt 0:00:11]} 5. Nc3 a6 {[%emt 0:00:08]} 6. Be3 {[%emt 0:00:04]} e5 {[%emt 0:00:34]} 7. Nb3 {[%emt 0:00:05]} Be6 {[%emt 0:01:02]} 8. f3 {[%emt 0:00:02]} h5 {[%emt 0:10:51]} 9. Qd2 {[%emt 0:00:12]} Be7 {[%emt 0:00:17]} 10. O-O-O {[%emt 0:00:42]} Nbd7 {[%emt 0:00:14]} 11. Nd5 {[%emt 0:04:28]} Bxd5 {[%emt 0:03:49]} 12. exd5 {[%emt 0:00:02]} O-O {[%emt 0:23:24]} 13. Kb1 {[%emt 0:14:44]} b6 {[%emt 0:05:09]} 14. Rg1 {[%emt 0:13:37]} a5 {[%emt 0:05:41]} 15. a4 {[%emt 0:03:08]} Nc5 {[%emt 0:01:14]} 16. Nxc5 {[%emt 0:00:35]} bxc5 {[%emt 0:00:07]} 17. h3 {[%emt 0:01:45]} Nh7 {[%emt 0:11:11]} 18. g4 {[%emt 0:03:19]} hxg4 {[%emt 0:04:54]} 19. hxg4 {[%emt 0:00:15]} Bg5 {[%emt 0:00:24]} 20. Bd3 {[%emt 0:12:14]} Bxe3 {[%emt 0:03:43]} 21. Bxh7+ {[%emt 0:00:44]} Kxh7 {[%emt 0:00:20]} 22. Qxe3 {[%emt 0:00:02]} Rh8 {[%emt 0:06:52]} 23. Rh1+ {[%emt 0:07:29]} Kg8 {[%emt 0:03:13]} 24. Rxh8+ {[%emt 0:00:09]} Kxh8 {[%emt 0:00:07]} 25. Rh1+ {[%emt 0:00:04]} Kg8 {[%emt 0:00:11]} 26. f4 {[%emt 0:09:28]} f6 {[%emt 0:06:31]} 27. fxe5 {[%emt 0:03:05]} dxe5 {[%emt 0:00:44]} 28. Qxc5 {[%emt 0:01:24]} Rc8 {[%emt 0:01:52]} 29. Qb5 {[%emt 0:01:56]} Qc7 {[%emt 0:00:51]} 30. Qd3 {[%emt 0:01:18]} Qc4 {[%emt 0:00:55]} 31. Qf5 {[%emt 0:07:18]} Re8 {[%emt 0:03:36]} 32. Qd7 {[%emt 0:08:56]} Qc8 {[%emt 0:00:35]} 33. Qxc8 {[%emt 0:00:04]} Rxc8 {[%emt 0:00:09]} 34. b3 {[%emt 0:00:06]} Rc3 {[%emt 0:03:45]} 35. Rg1 {[%emt 0:03:50]} Kf7 {[%emt 0:02:09]} 36. Kb2 {[%emt 0:00:35]} Re3 {[%emt 0:03:40]} 37. c4 {[%emt 0:06:08]} g6 {[%emt 0:02:46]} 38. Rg2 {[%emt 0:08:24]} f5 {[%emt 0:02:25]} 39. gxf5 {[%emt 0:00:11]} gxf5 {[%emt 0:00:07]} 40. Kc2 {[%emt 0:02:12]} f4 {[%emt 0:01:10]} 41. c5 {[%emt 0:00:29]} Rg3 {[%emt 0:02:05]} 42. Rf2 {[%emt 0:02:57]} Ke7 {[%emt 0:12:20]} 43. Re2 {[%emt 0:05:27]} 1/2-1/2

[Event "31st Klatovy C 2025"]
[Site "Klatovy CZE"]
[Date "2025.07.06"]
[Round "9.8"]
[White "Pelikan, Jaromir"]
[Black "Novotny, Jaroslav 1956"]
[Result "0-1"]
[WhiteElo "1876"]
[BlackElo "1946"]
[PlyCount "86"]
[EventDate "2025.06.28"]
[EventType "swiss"]
[EventRounds "9"]
[EventCountry "CZE"]

1. d4 {[%emt 0:00:04]} Nf6 {[%emt 0:00:14]} 2. Nf3 {[%emt 0:00:07]} g6 {[%emt 0:00:17]} 3. g3 {[%emt 0:00:06]} Bg7 {[%emt 0:00:08]} 4. Bg2 {[%emt 0:00:15]} O-O {[%emt 0:00:15]} 5. O-O {[%emt 0:00:06]} c6 {[%emt 0:00:34]} 6. c4 {[%emt 0:00:12]} d6 {[%emt 0:00:21]} 7. Nc3 {[%emt 0:00:39]} Bf5 {[%emt 0:01:03]} 8. Nh4 {[%emt 0:01:39]} Be6 {[%emt 0:01:02]} 9. b3 {[%emt 0:01:38]} d5 {[%emt 0:04:07]} 10. cxd5 {[%emt 0:04:09]} Nxd5 {[%emt 0:00:27]} 11. Nxd5 {[%emt 0:00:55]} cxd5 {[%emt 0:02:33]} 12. Bb2 {[%emt 0:01:22]} Qd7 {[%emt 0:04:59]} 13. Rc1 {[%emt 0:01:32]} Na6 {[%emt 0:01:00]} 14. Re1 {[%emt 0:02:29]} Rac8 {[%emt 0:01:48]} 15. Qd2 {[%emt 0:01:07]} Rxc1 {[%emt 0:03:04]} 16. Rxc1 {[%emt 0:00:14]} Rc8 {[%emt 0:01:05]} 17. e3 {[%emt 0:04:09]} Rxc1+ {[%emt 0:05:24]} 18. Bxc1 {[%emt 0:01:22]} g5 {[%emt 0:12:09]} 19. Nf3 {[%emt 0:00:52]} f6 {[%emt 0:00:03]} 20. Ne1 {[%emt 0:01:28]} Bf5 {[%emt 0:02:38]} 21. Nd3 {[%emt 0:02:30]} e6 {[%emt 0:06:40]} 22. Ba3 {[%emt 0:02:44]} Bf8 {[%emt 0:00:20]} 23. Bxf8 {[%emt 0:02:31]} Kxf8 {[%emt 0:00:02]} 24. Qc3 {[%emt 0:01:03]} Qc6 {[%emt 0:03:33]} 25. Qxc6 {[%emt 0:04:17]} bxc6 {[%emt 0:00:22]} 26. Nc5 {[%emt 0:02:41]} Nxc5 {[%emt 0:03:20]} 27. dxc5 e5 {[%emt 0:01:03]} 28. b4 {[%emt 0:00:42]} Ke7 {[%emt 0:04:52]} 29. Kf1 {[%emt 0:00:36]} Bd3+ {[%emt 0:03:44]} 30. Ke1 {[%emt 0:00:17]} g4 {[%emt 0:02:03]} 31. f3 {[%emt 0:07:14]} f5 {[%emt 0:04:11]} 32. fxg4 {[%emt 0:07:48]} fxg4 {[%emt 0:00:21]} 33. Kd2 {[%emt 0:02:14]} e4 {[%emt 0:03:38]} 34. Ke1 {[%emt 0:00:34]} Bc4 {[%emt 0:01:18]} 35. a3 {[%emt 0:00:14]} Ke6 {[%emt 0:02:02]} 36. Bf1 {[%emt 0:00:37]} Bxf1 {[%emt 0:03:44]} 37. Kxf1 {[%emt 0:00:46]} a6 {[%emt 0:00:21]} 38. Ke2 Ke5 {[%emt 0:08:56]} 39. a4 {[%emt 0:06:00]} d4 40. exd4+ {[%emt 0:02:53]} Kxd4 {[%emt 0:00:02]} 41. b5 {[%emt 0:01:10]} axb5 {[%emt 0:07:06]} 42. axb5 {[%emt 0:01:08]} Kxc5 {[%emt 0:00:36]} 43. bxc6 {[%emt 0:00:24]} Kxc6 {[%emt 0:00:20]} 0-1

[Event "31st Klatovy C 2025"]
[Site "Klatovy CZE"]
[Date "2025.07.06"]
[Round "9.9"]
[White "Navratil, Jiri"]
[Black "Truksa, Vaclav"]
[Result "1-0"]
[WhiteElo "1913"]
[BlackElo "1742"]
[PlyCount "53"]
[EventDate "2025.06.28"]
[EventType "swiss"]
[EventRounds "9"]
[EventCountry "CZE"]

1. d4 Nf6 2. Nf3 g6 3. Bf4 Bg7 4. h3 d6 5. c3 O-O 6. Nbd2 d5 7. e3 b6 8. Ne5 Nfd7 9. Ndf3 f6 10. Nxd7 Qxd7 11. Be2 c5 12. O-O Nc6 13. Qc2 Bb7 14. Rad1 e6 15. e4 c4 16. exd5 exd5 17. b3 b5 18. bxc4 bxc4 19. Rb1 Rfe8 20. Rb2 a5 21. Rfb1 Ba6 22. Rb6 Re4 23. Kf1 Rxf4 24. Qa4 Ne5 25. Qxa5 Nxf3 26. Bxf3 Qa7 27. Bxd5+ 1-0

[Event "31st Klatovy C 2025"]
[Site "Klatovy CZE"]
[Date "2025.07.06"]
[Round "9.10"]
[White "Bazantova, Marie"]
[Black "Danek, Vaclav"]
[Result "1/2-1/2"]
[WhiteElo "1854"]
[BlackElo "1904"]
[PlyCount "95"]
[EventDate "2025.06.28"]
[EventType "swiss"]
[EventRounds "9"]
[EventCountry "CZE"]

1. e4 e5 2. Bc4 Nf6 3. d3 Be7 4. f4 d6 5. Nf3 Bg4 6. h3 Bxf3 7. Qxf3 c6 8. fxe5 dxe5 9. Be3 O-O 10. Nd2 Nbd7 11. O-O b5 12. Bb3 Nc5 13. Qg3 Qd6 14. Rf5 Nfd7 15. Raf1 Nxb3 16. axb3 g6 17. Bh6 Bf6 18. Bxf8 Rxf8 19. R5f2 Bg7 20. Ra1 Qb8 21. Qe3 c5 22. b4 Rc8 23. bxc5 Rxc5 24. c4 Bf8 25. b4 Rc7 26. Qf3 Nb6 27. c5 Na4 28. Nb3 Qe8 29. Raf1 Qe6 30. Na5 Bg7 31. Rc2 Qd7 32. Qe3 Qd4 33. Qxd4 exd4 34. Nb3 Be5 35. Ra1 Kf8 36. Kf2 Ke7 37. Rca2 Kd7 38. Nd2 a5 39. bxa5 Rxc5 40. Rxa4 bxa4 41. Rxa4 Kc8 42. a6 Kb8 43. Rb4+ Ka7 44. Rb7+ Kxa6 45. Rxf7 Rc2 46. Ke2 g5 47. Kd1 Rc3 48. Ke2 1/2-1/2

[Event "31st Klatovy C 2025"]
[Site "Klatovy CZE"]
[Date "2025.07.06"]
[Round "9.11"]
[White "Sedlak, Ludek"]
[Black "Zidu, Jan"]
[Result "1/2-1/2"]
[WhiteElo "1937"]
[BlackElo "1922"]
[PlyCount "22"]
[EventDate "2025.06.28"]
[EventType "swiss"]
[EventRounds "9"]
[EventCountry "CZE"]

1. e4 e6 2. d4 d5 3. exd5 exd5 4. Bd3 Nf6 5. Nf3 Bg4 6. O-O Be7 7. Bf4 Nbd7 8. Nbd2 O-O 9. h3 Bh5 10. Re1 Re8 11. c3 c6 1/2-1/2

[Event "31st Klatovy C 2025"]
[Site "Klatovy CZE"]
[Date "2025.07.06"]
[Round "9.12"]
[White "Hlavac, Rudolf"]
[Black "Provaznik, Jan"]
[Result "1-0"]
[WhiteElo "1923"]
[BlackElo "1846"]
[PlyCount "93"]
[EventDate "2025.06.28"]
[EventType "swiss"]
[EventRounds "9"]
[EventCountry "CZE"]

1. e4 d6 2. d4 Nf6 3. Nc3 c6 4. f4 b5 5. e5 dxe5 6. fxe5 Nd5 7. Ne4 Bf5 8. Ng3 Bg6 9. c3 e6 10. Nf3 Be7 11. Bd3 Nd7 12. O-O O-O 13. Qe2 N7b6 14. Bd2 Na4 15. Rab1 a6 16. Rfc1 Nab6 17. b3 a5 18. Bxg6 hxg6 19. c4 Nc7 20. Be3 Rb8 21. Ne4 b4 22. Qf2 Ne8 23. Rd1 f6 24. Rd2 Qc7 25. Rbd1 Nd7 26. Qg3 g5 27. Qh3 g4 28. Qxg4 f5 29. Qg6 fxe4 30. Qxe6+ Rf7 31. Ng5 Bxg5 32. Bxg5 Nf8 33. Qg4 Nh7 34. Bh4 e3 35. Re2 Nf8 36. Rxe3 Qc8 37. e6 Ra7 38. Rf1 Nh7 39. h3 Rbb7 40. Kh2 a4 41. Ref3 axb3 42. axb3 Nd6 43. c5 Ne8 44. e7 Qxg4 45. Rf8+ Nxf8 46. exf8=Q+ Kh7 47. hxg4 1-0

[Event "31st Klatovy C 2025"]
[Site "Klatovy CZE"]
[Date "2025.07.06"]
[Round "9.13"]
[White "Vavrinek, Tomas"]
[Black "Pavlicek, Petr"]
[Result "1/2-1/2"]
[WhiteElo "1839"]
[BlackElo "1879"]
[PlyCount "78"]
[EventDate "2025.06.28"]
[EventType "swiss"]
[EventRounds "9"]
[EventCountry "CZE"]

1. d4 Nf6 2. Nf3 g6 3. c4 Bg7 4. Nc3 d5 5. e3 O-O 6. b3 c5 7. Bd2 cxd4 8. Nxd4 e5 9. Nf3 d4 10. Na4 Re8 11. Rc1 Nc6 12. h3 Ne4 13. Bd3 Nxd2 14. Nxd2 dxe3 15. Ne4 f5 16. Nec3 exf2+ 17. Kxf2 Qd4+ 18. Kf1 Qf4+ 19. Ke1 e4 20. Be2 e3 21. Qd5+ Be6 22. Qf3 Qe5 23. g3 Rad8 24. Kf1 Nd4 25. Qf4 Qxf4+ 26. gxf4 Bh6 27. Nc5 Re7 28. Nxe6 Rxe6 29. Nd5 Nxe2 30. Kxe2 Kf7 31. Rhd1 g5 32. fxg5 Bxg5 33. Rc3 f4 34. Rf1 Re4 35. Rd3 Rf8 36. Nc3 Re5 37. Rd7+ Re7 38. Rd5 Kf6 39. Rd6+ Kf5 1/2-1/2

[Event "31st Klatovy C 2025"]
[Site "Klatovy CZE"]
[Date "2025.07.06"]
[Round "9.19"]
[White "Svec, Ludek"]
[Black "Navratilova, Alena"]
[Result "0-1"]
[WhiteElo "1755"]
[BlackElo "1755"]
[PlyCount "90"]
[EventDate "2025.06.28"]
[EventType "swiss"]
[EventRounds "9"]
[EventCountry "CZE"]

1. d4 d5 2. Nf3 Nf6 3. g3 g6 4. Bg2 Bg7 5. O-O O-O 6. c4 c6 7. Nc3 Bg4 8. Qb3 Qb6 9. c5 Qxb3 10. axb3 Nbd7 11. b4 Ne4 12. Be3 Nxc3 13. bxc3 e5 14. Ra2 a6 15. Ne1 Rfe8 16. h3 Be6 17. Nd3 f6 18. Nb2 e4 19. Bf4 g5 20. Bd6 h5 21. Nd1 g4 22. hxg4 hxg4 23. Ne3 Bh6 24. Bh1 Kf7 25. Ng2 Rh8 26. Bf4 Bxf4 27. Nxf4 Rh7 28. Nxe6 Kxe6 29. c4 Rah8 30. Bg2 f5 31. b5 Nb8 32. bxa6 Nxa6 33. f3 Rg8 34. fxe4 fxe4 35. cxd5+ Kxd5 36. e3 Re7 37. Rf5+ Kc4 38. Bf1+ Kb3 39. Rff2 Nb4 40. Rad2 Ra8 41. Rf4 Nd5 42. Rxg4 Nxe3 43. Rg6 Ra1 44. Rf2 Kc3 45. Rd6 Rd1 0-1

[Event "31st Klatovy C 2025"]
[Site "Klatovy CZE"]
[Date "2025.07.06"]
[Round "9.20"]
[White "Malik, Zdenek"]
[Black "Slegl, Milan"]
[Result "0-1"]
[WhiteElo "1715"]
[BlackElo "1639"]
[PlyCount "102"]
[EventDate "2025.06.28"]
[EventType "swiss"]
[EventRounds "9"]
[EventCountry "CZE"]

1. e4 c6 2. d4 d5 3. Nc3 dxe4 4. Nxe4 Nf6 5. Nxf6+ gxf6 6. Nf3 Bf5 7. Bc4 e6 8. Be3 Nd7 9. Nh4 Bg6 10. Nxg6 hxg6 11. Qe2 Nb6 12. Bb3 Nd5 13. Bd2 Rh4 14. g4 Bd6 15. f3 Bg3+ 16. Kf1 Bd6 17. Bxd5 cxd5 18. Re1 Qd7 19. Kg2 Qc7 20. Kg1 O-O-O 21. h3 Rdh8 22. Kg2 Kb8 23. c3 a6 24. Qe3 g5 25. Rb1 Bf4 26. Qe2 Bxd2 27. Qxd2 Rg8 28. Qf2 Ka8 29. Rhe1 Rgh8 30. Rh1 Qf4 31. Rbe1 f5 32. Qg3 Qd2+ 33. Qf2 Qxf2+ 34. Kxf2 Rxh3 35. Rxh3 Rxh3 36. gxf5 exf5 37. Re8+ Ka7 38. Kg2 g4 39. fxg4 fxg4 40. Re5 Rf3 41. Rxd5 f5 42. Re5 Kb6 43. Rc5 a5 44. a4 Ka6 45. Rb5 b6 46. d5 Rd3 47. d6 f4 48. Kf2 g3+ 49. Kg2 Rxd6 50. Kf3 Rg6 51. Rd5 g2 0-1

[Event "31st Klatovy C 2025"]
[Site "Klatovy CZE"]
[Date "2025.07.06"]
[Round "9.21"]
[White "Macoun, Jiri"]
[Black "Hanzlik, Jiri"]
[Result "1-0"]
[WhiteElo "1747"]
[BlackElo "1688"]
[PlyCount "45"]
[EventDate "2025.06.28"]
[EventType "swiss"]
[EventRounds "9"]
[EventCountry "CZE"]

1. e4 c5 2. Bc4 Nc6 3. a3 e6 4. Nc3 Ne5 5. Ba2 Nf6 6. f4 Nc6 7. d3 d5 8. e5 Nd7 9. Nf3 Be7 10. O-O b6 11. Bd2 Nf8 12. Qe2 Qc7 13. Rae1 Ba6 14. Qf2 Nd4 15. Bc1 Nf5 16. Kh1 Ng6 17. g4 Nfh4 18. f5 Bb7 19. fxg6 Nxf3 20. gxf7+ Kf8 21. Qxf3 d4 22. Ne4 Qxe5 23. Bf4 1-0

[Event "31st Klatovy C 2025"]
[Site "Klatovy CZE"]
[Date "2025.07.06"]
[Round "9.22"]
[White "Stanke, Vilem"]
[Black "Tomecek, Marian"]
[Result "1-0"]
[WhiteElo "1540"]
[BlackElo "1566"]
[PlyCount "57"]
[EventDate "2025.06.28"]
[EventType "swiss"]
[EventRounds "9"]
[EventCountry "CZE"]

1. e4 d5 2. exd5 Nf6 3. c4 c6 4. dxc6 Nxc6 5. Nf3 e5 6. d3 Bc5 7. Bg5 O-O 8. Nc3 Bg4 9. Ne4 Be7 10. Be2 Bxf3 11. Bxf3 Nxe4 12. Bxe7 Qa5+ 13. b4 Nxb4 14. O-O Rfe8 15. Bxb4 Qxb4 16. Bxe4 Qe7 17. Qf3 Rab8 18. Rab1 b6 19. Qg3 Qc5 20. Rb5 Qa3 21. Rxe5 Rf8 22. Bd5 Rbd8 23. Qf4 Qxd3 24. Re7 Rxd5 25. cxd5 Qxd5 26. Rxa7 b5 27. Ra5 Qc6 28. Qb4 Ra8 29. Qxb5 1-0